|
|
|
|
| LEADER |
00000cam a2200000 a 4500 |
| 001 |
vtls008401217 |
| 003 |
SK-MaSNL |
| 005 |
20260301043011.0 |
| 008 |
230403s1921 xo 000 0 cze |
| 015 |
|
|
|a SNBA19191938-012740
|
| 035 |
|
|
|a SK01SNKBSKHR20010093434
|
| 035 |
|
|
|a urn:nbn:sk:snk-am3heoj
|
| 035 |
|
|
|a 400C4939-F28A-4B44-9F44-94EC03E20639
|
| 035 |
|
|
|a urn:nbn:sk:snk-am00cxoi
|
| 035 |
|
|
|a SKM000095897
|
| 040 |
|
|
|a SNK
|b slo
|c SNK
|e AACR2
|
| 041 |
0 |
|
|a cze
|
| 043 |
|
|
|a e-xo---
|
| 044 |
|
|
|a xo
|c SK
|
| 072 |
|
7 |
|a 796
|x Šport. Hry. Telesné cvičenia
|2 konspekt
|
| 080 |
|
|
|a (234.372.4)
|2 2011
|
| 080 |
|
|
|a (036)913
|2 2011
|
| 080 |
|
|
|a 908
|2 1981
|
| 080 |
|
|
|a 796.5
|2 2011
|
| 100 |
1 |
|
|a Štangler, Antonín,
|d 1888-
|4 aut
|9 347140
|
| 245 |
1 |
0 |
|a Vysoké Tatry
|c Antonín Štangler
|
| 260 |
|
|
|a Košice
|b Štanglerovo kníhkupectví
|c [Nos. 1921]
|e Košice
|f Slov. tlač.
|
| 300 |
|
|
|a 77, [3] s.
|c 15 cm
|
| 650 |
0 |
7 |
|a turistika
|2 SNKPH
|9 683
|
| 650 |
0 |
7 |
|a Touring
|2 SNKPHeng
|9 274113
|
| 651 |
|
7 |
|a Vysoké Tatry (Poľsko a Slovensko : pohorie)
|2 SNKPHgeo
|9 67729
|
| 651 |
|
7 |
|a High Tatras (Poland and Slovakia)
|2 SNKPHeng
|9 176518
|
| 655 |
|
7 |
|a turistickí sprievodcovia (publikácie)
|2 SNKPH
|9 191298
|
| 655 |
|
7 |
|a Tourist guides
|2 SNKPHeng
|9 274119
|
| 852 |
|
|
|a Slovenská národná knižnica
|
| 954 |
|
|
|a iná literatúra (príručky, kuchárske knihy, hobby literatúra, sprievodcovia) cudzojazyčná (svetová)
|2 lita
|
| 958 |
|
|
|a OND
|
| 958 |
|
|
|a SK
|
| 958 |
|
|
|a TL
|
| 958 |
|
|
|a EUIPO
|
| 999 |
|
|
|c 592400
|d 594330
|
| 952 |
|
|
|a SNK
|b SNK
|y PREZ
|7 0
|p 17A0732289
|o snkSE 704
|i snk655/46
|8 5
|0 0
|1 0
|4 0
|d 2011-11-08
|f 1
|l 0
|r 2026-02-23 15:28:44
|w 2026-02-23
|
| 952 |
|
|
|a SNK
|b SNK
|y VYP
|7 0
|p 17A0337303
|o snkSE 704 D1
|0 0
|1 0
|4 0
|d 2002-03-12
|l 0
|r 2005-01-02 00:00:00
|w 2026-02-23
|